Podpora prodeje, pokrok ve spojení účinku i akce

Fenomén podpory predaja v súčasnosti. Spôsoby podpory predaja. Dôraz pri podpore predaja treba klásť na to, aby "on pack" (kreativita produktov) výrobku korešpondoval s jeho imidžom. Rozšírenie podpory predaja o tzv. spoločenské kampane.

Na minha lista:
Detalhes bibliográficos
Autor principal: Krešlová, Michaela
Formato: Capítulo de Livro
Idioma:tcheco
Assuntos:
Tags: Adicionar Tag
Sem tags, seja o primeiro a adicionar uma tag!

MARC

LEADER 00000naa a2200000 4500
001 r035071
005 20230911121959.2
041 0 |a cze 
044 |a CZ 
245 1 0 |a Podpora prodeje, pokrok ve spojení účinku i akce  |c Michaela Krešlová 
520 |a Fenomén podpory predaja v súčasnosti. Spôsoby podpory predaja. Dôraz pri podpore predaja treba klásť na to, aby "on pack" (kreativita produktov) výrobku korešpondoval s jeho imidžom. Rozšírenie podpory predaja o tzv. spoločenské kampane. 
610 2 0 |a podpora predaja 
610 2 0 |a marketing 
610 2 0 |a reklama 
610 2 0 |a kampane reklamné 
610 2 0 |a propagácia 
610 2 0 |a kreativita 
610 2 0 |a výrobky 
610 2 0 |a spotrebitelia 
610 2 0 |a imidž 
100 1 |a Krešlová, Michaela